000 00519nam a2200205Ia 4500
008 180523s9999 xx 000 0 und d
020 _a81-7648-492
050 _aMAIN HD 5381
050 _b.N39 2004
100 _aNayak. A. K.
245 0 _aGuidance and career counselling /
245 0 _cA. K. Nayak, V. K. Rao.
260 _aNew Delhi :
260 _bA. P. H. Publishing,
260 _c2004
300 _a352 pages :
300 _c22 cm.
500 _aIncludes index.
650 _aVicational guidance.
999 _c356891
_d356891